Estudios regionales interdisciplinarios ii /

Guardado en:
Autor Principal: Bustos Cara, Roberto
Otros Autores: Cernadas de Bulnes, Mabel N.
Formato: Libro
Publicado: Bahía Blanca : Ediuns, 2000
Materias:
Etiquetas: Agregar Etiqueta
Sin Etiquetas, Sea el primero en etiquetar este registro!
LEADER 02543nam a22002055a 4500
001 CEM.cems010323
005 20080428142718.0
008 130507s2000##################000#0#####d
003 CEMS
020 |a 9879281446 
082 0 4 |a 918.21 
100 1 |a Bustos Cara, Roberto 
245 1 0 |a Estudios regionales interdisciplinarios ii /  |c Roberto Bustos Cara, Mabel Cernadas de Bulnes 
260 |a Bahía Blanca :  |b Ediuns,  |c 2000 
300 |a 293 p. 
505 0 |a La postmodernidad y la geografía / Georges Benko -- La historia inmediata en Europa occidental / Jean-Francois Soulet -- En torno a la utilización de fuentes orales: una aproximación teórico-metodológica / Carolina López, Patricia Orbe y José Marcilese -- Acerca de vivos y muertos. Itinerarios de la Memoria y la Historia en el territorio de los exilios argentinos en Cataluña / Silvina Jensen -- El debate actual sobre la idea de nación y la identidad nacional. Dato objetivo o artefacto cutural? / Guillermina Georgieff -- La influencia de Tocqueville en la concepción sobre el rol de los municipios en la construcción de la Argentina / Nidia Burstein -- El puerto como espacio de debate en la discusión interdisciplinaria / Adriana Rodríguez, Sandra Tonellotto y Roberto Bustos Cara -- Nuevas formas de gestión para el desarrollo regional. La Zona Franca Bahía Blanca-Coronel Rosales / Nélida Silvia Marenco -- Proceso de reestructuración en una ciudad intermedia: Bahía Blanca / Roberto Bustos Cara y Nélida Silvia Marenco -- Educación y pobreza: los comedores escolares en Bahía Blanca / Mabel Giménez, María Elena Ginóbili y Alicia Pérez -- La transición de la ciudad ilegal a la ciudad legal. Normas y acciones correspondientes al proceso de regularización en el caso de Bahía Blanca / Nidia Formiga y Eduardo J. Gárriz -- El espacio local y las inversiones extranjeras de fines de siglo / Silvia Grippo y Stella Visciarelli -- El rol del investigador frente a los problemas ambientales: una reflexión epistemológica / Alejandra M. Monachesi -- La idea de progreso en la Bahía Blanca de fines del siglo XIX / Mabel N. Cernadas de Bulnes -- El periódico como vector de internalización de una cultura política / Laura Llull -- La Unión Cívica Radical Intransigente: un nuevo modo de ser y hacer política en el sudoeste bonaerense (1954-1958) / Adriana Susana Eberle 
653 |a Geografía 
653 |a Geografía regional-bahía blanca 
700 1 |a Cernadas de Bulnes, Mabel N. 
859 |a CEMS  |b BIB. CEMS - 11 de abril  |h 918.21  |i B788-3  |p 20854.00  |t Ej.1